[Event "Mondiale Semilampo FIDE 2024"]
[Site "New York"]
[Date "26.12.2024"]
[Round "4.61"]
[White "Zhalmakhanov, Ramazan"]
[Black "Dardha, Daniel"]
[Result "1/2-1/2"]
[WhiteTitle "GM"]
[BlackTitle "GM"]
[WhiteElo "2486"]
[BlackElo "2639"]
[WhiteFideId "13706357"]
[BlackFideId "240990"]
[EventDate "26.12.2024"]

1. e4 c5 2. Nf3 Nc6 3. Bb5 g6 4. Bxc6 dxc6 5. d3 Bg7 6. O-O Qc7 7. a4 a5 8. Nfd2
Nf6 9. f4 O-O 10. Nc3 b6 11. Qe1 Ba6 12. Nf3 Rad8 13. Bd2 e6 14. b3 b5 15. e5
Nd5 16. Ne4 c4 17. axb5 cxb5 18. Bxa5 Qa7+ 19. d4 Ra8 20. Nc5 cxb3 21. cxb3 Qe7
22. Bd2 Bb7 23. Qe2 Bc6 24. Ng5 Ra7 25. Rfc1 Rfa8 26. Qe1 Be8 27. Nge4 Ra2 28.
Rxa2 Rxa2 29. Nd6 Bc6 30. Nce4 Qd7 31. h3 h6 32. Kh2 Ne7 33. Nc3 Ra3 34. Qd1 Nf5
35. Nxf5 gxf5 36. Be3 b4 37. Nb1 Ra2 38. Nd2 Bd5 39. Ra1 Rxa1 40. Qxa1 Qc6 41.
g4 fxg4 42. hxg4 Qc2 43. Kg3 Bxb3 44. Qa8+ Kh7 45. Nxb3 Qxb3 46. Qe4+ Kg8 47. f5
Qa3 48. fxe6 fxe6 49. d5 Qa8 50. Qxb4 Bxe5+ 51. Bf4 Qxd5 52. Bxe5 Qxe5+ 53. Kh3
Kf7 54. Qd2 Qd5 55. Qf2+ Kg7 56. Qb2+ e5 57. Kg3 Qe6 58. Qb7+ Qf7 59. Qe4 Qb3+
60. Kh4 Qb2 61. Kg3 Qc3+ 62. Kh4 Qc7 63. Kh3 Qd6 64. Kh4 Qf6+ 65. Kh3 Qf1+ 66.
Kg3 Kf6 67. Qe3 Qh1 68. Qb6+ Ke7 69. Qc7+ Ke6 70. Qc8+ Kd6 71. Qb8+ Ke6 72. Qc8+
Ke7 73. Qc7+ Ke6 74. Qc8+ 1/2-1/2

[Event "Mondiale Semilampo FIDE 2024"]
[Site "New York"]
[Date "26.12.2024"]
[Round "4.62"]
[White "Suleymanli, Aydin"]
[Black "Batsuren, Dambasuren"]
[Result "1-0"]
[WhiteTitle "GM"]
[BlackTitle "GM"]
[WhiteElo "2623"]
[BlackElo "2531"]
[WhiteFideId "13413937"]
[BlackFideId "4902920"]
[EventDate "26.12.2024"]

1. e4 c6 2. Nf3 d5 3. d3 dxe4 4. dxe4 Qxd1+ 5. Kxd1 Nf6 6. Nfd2 g5 7. a4 g4 8.
Nc3 h5 9. a5 Bh6 10. Nb3 Bxc1 11. Kxc1 Nbd7 12. Kd2 Kd8 13. Ke3 Kc7 14. f4 gxf3
15. gxf3 Rg8 16. Be2 Ne5 17. Rag1 Be6 18. Nc5 h4 19. Nxe6+ fxe6 20. Nd1 Ng6 21.
Bc4 Nf8 22. Rxg8 Nxg8 23. Nf2 Nf6 24. Nd3 b6 25. Ra1 N6d7 26. axb6+ Nxb6 27. Bb3
a5 28. c4 Nbd7 29. c5 e5 30. Rg1 Rb8 31. Bc4 Ra8 32. Kd2 a4 33. Kc3 a3 34. b4 a2
35. Ra1 Ng6 36. Rxa2 Rxa2 37. Bxa2 Nf4 38. Bf7 Ne2+ 39. Kd2 Nf4 40. Bc4 Kd8 41.
Bb3 Kc7 42. Nb2 Kb7 43. Bf7 Kc7 44. Nc4 Ng2 45. Be8 Nf6 46. Bg6 Nd7 47. Bf5 Nb8
48. Nxe5 Nf4 49. Nd3 Nxd3 50. Kxd3 Na6 51. Kc4 e5 52. Bh3 Kb7 53. b5 cxb5+ 54.
Kxb5 Nc7+ 55. Kc4 Kc6 56. Bc8 Ne8 57. Be6 Nf6 58. f4 exf4 59. e5 Ne8 60. Bd5+
Kd7 61. Kd4 Nc7 62. Bb3 f3 63. Ke3 Na6 64. e6+ Ke7 65. c6 Kd6 66. Kxf3 Nc5 67.
Bd5 Na6 68. Bc4 Nb4 69. Kg4 Nxc6 70. Kxh4 Nd4 71. Kg5 Ke7 72. Bd5 1-0

[Event "Mondiale Semilampo FIDE 2024"]
[Site "New York"]
[Date "26.12.2024"]
[Round "4.63"]
[White "Bologan, Victor"]
[Black "Blohberger, Felix"]
[Result "1-0"]
[WhiteTitle "GM"]
[BlackTitle "GM"]
[WhiteElo "2600"]
[BlackElo "2534"]
[WhiteFideId "13900048"]
[BlackFideId "1632051"]
[EventDate "26.12.2024"]

1. e4 e5 2. Nf3 Nc6 3. Bc4 Nf6 4. d3 Bc5 5. c3 d6 6. a4 a5 7. O-O h6 8. Re1 O-O
9. h3 Be6 10. Bxe6 fxe6 11. Be3 Bxe3 12. Rxe3 Qd7 13. Nbd2 Rf7 14. Qb3 b6 15.
Qb5 Ne7 16. d4 Qxb5 17. axb5 exd4 18. cxd4 Rd8 19. Rc1 Nc8 20. b4 axb4 21. Rb3
Ne8 22. Rxb4 Ne7 23. Ra4 g5 24. g3 Kg7 25. Kg2 Ng6 26. d5 exd5 27. Nd4 Nf8 28.
exd5 Nf6 29. Nf5+ Kg6 30. Ne3 Ne8 31. h4 Nd7 32. hxg5 hxg5 33. Nf3 Nc5 34. Rg4
Rxf3 35. Kxf3 Nd3 36. Rh1 Ne5+ 37. Kg2 Nxg4 38. Nxg4 Rd7 39. Rh6+ Kf7 40. f4
gxf4 41. gxf4 Ng7 42. f5 Rd8 43. Kf3 Ra8 44. Rh7 Ra4 45. f6 Rxg4 46. Kxg4 Kxf6
47. Kf4 Kg6 48. Rh8 Kf7 49. Kg5 Ne8 50. Rh7+ Kg8 51. Kg6 Kf8 52. Rd7 Kg8 53. Kf5
Kf8 54. Ke6 Ng7+ 55. Rxg7 1-0

[Event "Mondiale Semilampo FIDE 2024"]
[Site "New York"]
[Date "26.12.2024"]
[Round "4.64"]
[White "Saraci, Nderim"]
[Black "Dlugy, Maxim"]
[Result "1/2-1/2"]
[WhiteTitle "IM"]
[BlackTitle "GM"]
[WhiteElo "2431"]
[BlackElo "2514"]
[WhiteFideId "6351921"]
[BlackFideId "2000075"]
[EventDate "26.12.2024"]

1. d4 d5 2. Nf3 c5 3. e3 Nf6 4. dxc5 e6 5. c4 Bxc5 6. Nc3 dxc4 7. Qxd8+ Kxd8 8.
Bxc4 a6 9. b3 b5 10. Bd3 Bb7 11. Bb2 Nbd7 12. O-O Ke7 13. Rac1 Rhd8 14. Bb1 Rac8
15. Ng5 Bb4 16. Nce4 h6 17. Nxf6 Nxf6 18. Nf3 g5 19. h3 Ne4 20. Bxe4 Bxe4 21. a3
Bd6 22. b4 f6 23. Rxc8 Rxc8 24. Rc1 Rxc1+ 25. Bxc1 Bxf3 26. gxf3 Be5 27. Kg2 f5
28. h4 gxh4 29. Kh3 Bf6 30. e4 h5 31. Bf4 Bd4 32. Kxh4 Bxf2+ 33. Kxh5 fxe4 34.
fxe4 Bd4 35. Bc1 Kf6 36. Kg4 Ke5 37. Kf3 Bc3 38. Ke3 Bd4+ 39. Kd3 Bg1 40. Bd2 1/2-1/2

[Event "Mondiale Semilampo FIDE 2024"]
[Site "New York"]
[Date "26.12.2024"]
[Round "4.65"]
[White "Theodorou, Nikolas"]
[Black "Urazayev, Arystanbek"]
[Result "1-0"]
[WhiteTitle "GM"]
[BlackTitle "IM"]
[WhiteElo "2600"]
[BlackElo "2470"]
[WhiteFideId "4262875"]
[BlackFideId "13709810"]
[EventDate "26.12.2024"]

1. d4 e6 2. Nf3 d5 3. c4 Nf6 4. g3 Be7 5. Bg2 O-O 6. Nc3 c6 7. O-O a5 8. Ne5
Nbd7 9. e4 Nxe5 10. dxe5 Nxe4 11. Nxe4 dxe4 12. Bxe4 Qc7 13. Bf4 Rd8 14. Qh5 g6
15. Qe2 Bd7 16. h4 Be8 17. h5 Rd4 18. Rad1 Rad8 19. h6 c5 20. Qf3 b5 21. cxb5
Bxb5 22. Rfe1 Qd7 23. Rc1 Bd3 24. Bc6 Qc7 25. Be3 Rb4 26. Bxc5 Rxb2 27. Bd6 Qa7
28. Ba4 Bxd6 29. exd6 Bf5 30. d7 e5 31. Rxe5 1-0

[Event "Mondiale Semilampo FIDE 2024"]
[Site "New York"]
[Date "26.12.2024"]
[Round "4.66"]
[White "Ghaem Maghami, Ehsan"]
[Black "Papasimakopoulos, Alexandros"]
[Result "1-0"]
[WhiteTitle "GM"]
[BlackTitle "FM"]
[WhiteElo "2434"]
[BlackElo "2379"]
[WhiteFideId "12500739"]
[BlackFideId "4244125"]
[EventDate "26.12.2024"]

1. c4 e6 2. g3 d5 3. Bg2 d4 4. Nf3 Nc6 5. O-O Bc5 6. e3 Nge7 7. b4 Bxb4 8. exd4
Nxd4 9. Nxd4 Qxd4 10. Qa4+ Bd7 11. Qxb4 Qxa1 12. Nc3 Nc6 13. Qxb7 O-O 14. Ba3
Rab8 15. Qxc7 Qxf1+ 16. Kxf1 Rfd8 17. Bxc6 Rbc8 18. Qxd7 Rxd7 19. Bxd7 Rxc4 20.
Bb5 Rc7 21. Bd6 Rb7 22. a4 a6 23. Be2 a5 24. Bb5 f6 25. Ne4 Kf7 26. Nc5 1-0

[Event "Mondiale Semilampo FIDE 2024"]
[Site "New York"]
[Date "26.12.2024"]
[Round "4.67"]
[White "Suleymenov, Alisher"]
[Black "Harsha, Bharathakoti"]
[Result "1/2-1/2"]
[WhiteTitle "GM"]
[BlackTitle "GM"]
[WhiteElo "2500"]
[BlackElo "2531"]
[WhiteFideId "13707833"]
[BlackFideId "5078776"]
[EventDate "26.12.2024"]

1. d4 Nf6 2. c4 e6 3. Nf3 h6 4. g3 Bb4+ 5. Bd2 Be7 6. Bg2 d5 7. O-O O-O 8. Qc2
c6 9. a3 a5 10. Rd1 Nbd7 11. Bf4 Nh5 12. Bc1 Nhf6 13. Nbd2 b6 14. e4 Ba6 15. e5
Nh7 16. h4 Rc8 17. b4 c5 18. dxc5 bxc5 19. b5 Bb7 20. a4 Qc7 21. Re1 Rfd8 22.
Nb3 dxc4 23. Nbd2 Nb6 24. Nxc4 Nxc4 25. Qxc4 Bd5 26. Qg4 Kh8 27. Be3 c4 28. Nd4
Bb4 29. Bxd5 Bxe1 30. Rxe1 Rxd5 31. Nc6 Rxe5 32. Qxc4 Rd5 33. Qc3 Qd7 34. Bxh6
Nf6 35. Bg5 Rd3 36. Qc4 Qd5 37. Qxd5 Nxd5 38. Ne5 Rd4 39. Nxf7+ Kg8 40. Nd6 Ra8
41. Rxe6 Rxa4 42. Re5 Rd4 43. Nf5 Rd1+ 44. Kg2 a4 45. Rxd5 Rxd5 46. Ne7+ Kf7 47.
Nxd5 a3 48. Nc3 Ke6 49. b6 Kd7 50. b7 Rb8 51. Bc1 Rxb7 52. Bxa3 Rb3 53. Bf8 Rxc3
54. Bxg7 Rb3 55. Bd4 Ke6 56. Be3 Kf5 57. Kf3 Rb4 58. h5 Ra4 59. Kg2 Rb4 60. Kh3
Ra4 61. h6 Kg6 62. Kg2 Rb4 63. Kf3 Ra4 64. Ke2 Ra3 65. Kd2 Rb3 66. Kc2 Ra3 67.
Kb2 Rd3 68. Kc1 Rc3+ 69. Kd2 Ra3 70. Ke2 Rb3 71. Kf3 Rb4 72. Bf4 Rb2 73. Kg2 Rb3
74. g4 Rd3 75. Be3 Rb3 76. Kg3 Ra3 77. g5 Ra4 78. Kh3 Rc4 79. Kg2 Ra4 80. Kf3
Rc4 81. Ke2 Ra4 82. Kd3 Rh4 83. Ke2 Ra4 84. Kf3 Rc4 85. Kg3 Re4 86. Bd2 Rd4 87.
Bc1 Rc4 88. Bb2 Rb4 89. Bf6 Ra4 90. Kf3 Rb4 91. Ke3 Ra4 92. Ke2 Re4+ 93. Kf3 Ra4
94. Kg3 Rc4 95. Be5 Rb4 96. f4 Ra4 97. Kg4 Rc4 98. Kf3 Ra4 99. Ke3 Rc4 100. Bd4
Ra4 101. Ke4 Ra5 102. Be5 Ra4+ 103. Kd5 Ra5+ 104. Ke6 Ra6+ 105. Bd6 Ra1 106. Be5
Ra6+ 107. Kd5 Ra5+ 108. Ke4 Ra4+ 109. Bd4 Ra5 110. Bf6 Ra4+ 111. Kf3 Ra3+ 112.
Kg4 Ra4 113. Be5 Rc4 114. Kf3 Ra4 115. Kg3 Ra3+ 116. Kf2 Ra2+ 117. Ke3 Ra4 118.
Bd4 Ra3+ 119. Ke4 Ra5 120. Be5 Ra4+ 121. Kd5 Ra5+ 122. Ke6 Ra6+ 123. Bd6 Ra1
124. Be7 Ra6+ 125. Kd5 Ra5+ 126. Bc5 Ra1 127. Be3 Ra5+ 128. Kd6 Ra6+ 129. Kd7
Ra4 130. Kd6 Re4 131. Bc1 Rc4 132. Be3 Re4 133. Bc1 Rc4 134. Be3 Re4 135. Bc1 1/2-1/2

[Event "Mondiale Semilampo FIDE 2024"]
[Site "New York"]
[Date "26.12.2024"]
[Round "4.68"]
[White "Hakobyan, Aram"]
[Black "Sardana, Rishi"]
[Result "1-0"]
[WhiteTitle "GM"]
[BlackTitle "IM"]
[WhiteElo "2625"]
[BlackElo "2466"]
[WhiteFideId "13306677"]
[BlackFideId "25004301"]
[EventDate "26.12.2024"]

1. d4 Nf6 2. c4 e6 3. Nf3 d5 4. Nc3 h6 5. e3 b6 6. cxd5 exd5 7. Qa4+ c6 8. Bd3
Bd6 9. O-O O-O 10. Re1 Re8 11. e4 dxe4 12. Nxe4 Nd5 13. Bxh6 b5 14. Qc2 Rxe4 15.
Bxe4 gxh6 16. Bxd5 cxd5 17. Rac1 Bg4 18. Ne5 Be6 19. Qd2 Qh4 20. Qc3 Kh7 21.
Qd3+ Kg7 22. Nf3 Qh5 23. Qxb5 Bg4 24. Ne5 Be6 25. Qb7 Nd7 26. Qxa8 Nxe5 27. dxe5
Bxe5 28. Rxe5 Qxe5 29. Qxa7 Qxb2 30. Rd1 Qc2 31. Qd4+ Kg8 32. a4 1-0

[Event "Mondiale Semilampo FIDE 2024"]
[Site "New York"]
[Date "26.12.2024"]
[Round "4.69"]
[White "Andersen, Mads"]
[Black "Kacharava, Nikolozi"]
[Result "0-1"]
[WhiteTitle "GM"]
[BlackTitle "GM"]
[WhiteElo "2592"]
[BlackElo "2510"]
[WhiteFideId "1413864"]
[BlackFideId "13611860"]
[EventDate "26.12.2024"]

1. e4 e5 2. Nf3 Nc6 3. Bb5 a6 4. Ba4 Nf6 5. O-O b5 6. Bb3 Bc5 7. a4 Rb8 8. c3 d6
9. d4 Bb6 10. axb5 axb5 11. Bg5 h6 12. Bh4 g5 13. Bg3 Qe7 14. Qd3 Bd7 15. Nbd2
Nh5 16. Kh1 Nf4 17. Qc2 Qf6 18. Rfe1 Ne7 19. c4 c6 20. c5 dxc5 21. Nxe5 c4 22.
Nxd7 Kxd7 23. Ba2 Bxd4 24. e5 Qg6 25. Re4 c5 26. Nf3 Ne6 27. Rd1 Nc6 28. b3 Nb4
29. Qe2 Nxa2 30. Nxd4 cxd4 31. Rexd4+ Nxd4 32. Rxd4+ Ke7 33. e6 Rbd8 34. Rd7+
Rxd7 35. exd7+ Qe6 0-1

[Event "Mondiale Semilampo FIDE 2024"]
[Site "New York"]
[Date "26.12.2024"]
[Round "4.70"]
[White "Manafov, Vugar"]
[Black "Erenburg, Sergey"]
[Result "1-0"]
[WhiteTitle "IM"]
[BlackTitle "GM"]
[WhiteElo "2431"]
[BlackElo "2510"]
[WhiteFideId "13410814"]
[BlackFideId "2805642"]
[EventDate "26.12.2024"]

1. Nf3 d5 2. g3 c6 3. Bg2 Bg4 4. O-O e6 5. d4 Nf6 6. Nbd2 Be7 7. Re1 O-O 8. e4
a5 9. a4 Nbd7 10. c3 Bh5 11. Qb3 Qb6 12. Qxb6 Nxb6 13. Ne5 Rfd8 14. h3 Nxe4 15.
Nxe4 dxe4 16. Bxe4 Bg6 17. Nxg6 hxg6 18. h4 Nd5 19. Kg2 Rac8 20. Re2 b6 21. Bd2
Rd7 22. Rd1 b5 23. Ra1 b4 24. Be1 bxc3 25. bxc3 Rb8 26. Rb1 Rxb1 27. Bxb1 Nb6
28. Rb2 Bd8 29. Be4 Nd5 30. Rb8 f5 31. Bxd5 cxd5 32. c4 Kf7 33. c5 Ke7 34. Bd2
Bc7 35. Bg5+ Kf7 36. Rc8 Bd6 37. cxd6 Rxd6 38. Ra8 Rc6 39. Rxa5 Rc4 40. Bf4 Rxd4
41. Be5 Re4 42. Ra7+ Kg8 43. Bxg7 d4 44. a5 d3 45. Rd7 e5 46. a6 Ra4 47. Bxe5
Rxa6 48. Rxd3 1-0

[Event "Mondiale Semilampo FIDE 2024"]
[Site "New York"]
[Date "26.12.2024"]
[Round "4.71"]
[White "Grebnev, Aleksey"]
[Black "Damjanovic, Vuk"]
[Result "1-0"]
[WhiteTitle "GM"]
[BlackTitle "IM"]
[WhiteElo "2555"]
[BlackElo "2368"]
[WhiteFideId "34189030"]
[BlackFideId "980021"]
[EventDate "26.12.2024"]

1. d4 d6 2. Nf3 Nf6 3. c4 g6 4. Nc3 Bg7 5. e4 Bg4 6. Be2 Bxf3 7. Bxf3 e5 8. dxe5
dxe5 9. Qxd8+ Kxd8 10. Be3 h5 11. O-O-O+ Kc8 12. Be2 Bh6 13. Rhf1 Bxe3+ 14. fxe3
Nbd7 15. c5 c6 16. Bc4 Rf8 17. Rf3 Kc7 18. h3 Nh7 19. Rxf7 Rxf7 20. Bxf7 Nxc5
21. Bxg6 Nf6 22. Rf1 Ncd7 23. Bf5 Rg8 24. Rf2 Nc5 25. Kd2 b5 26. b4 Rd8+ 27. Ke2
Nd3 28. Rf1 Nxb4 29. g4 hxg4 30. hxg4 Rh8 31. g5 Nh5 32. Kf3 Ng7 33. Rd1 Rd8 34.
Rh1 Re8 35. g6 Nc2 36. Nxb5+ cxb5 37. Rc1 Kd6 38. Rxc2 a5 39. Kg4 b4 40. Rd2+
Kc5 41. Rd7 Rg8 42. Rd5+ Kb6 43. Rxe5 a4 44. Rd5 Rh8 45. Rd2 Rh1 46. Kg5 Kc5 47.
Rc2+ Kd6 48. Rc4 Ke5 49. Rc5+ Kd6 50. Rb5 Rg1+ 51. Kf6 Nh5+ 52. Kf7 a3 53. Rxb4
Rg2 54. Ra4 Rb2 55. Ra6+ Kc5 56. Rxa3 Rb7+ 57. Ke6 Ng7+ 58. Ke5 Re7+ 59. Kf6 Rb7
60. Rc3+ Kd6 61. Rd3+ Kc5 62. Rd7 Ne8+ 63. Ke7 1-0

[Event "Mondiale Semilampo FIDE 2024"]
[Site "New York"]
[Date "26.12.2024"]
[Round "4.72"]
[White "Amar, Elham"]
[Black "Gaehwiler, Gabriel"]
[Result "1/2-1/2"]
[WhiteTitle "GM"]
[BlackTitle "IM"]
[WhiteElo "2534"]
[BlackElo "2392"]
[WhiteFideId "1533533"]
[BlackFideId "1314530"]
[EventDate "26.12.2024"]

1. e4 c5 2. Nf3 d6 3. d4 cxd4 4. Nxd4 Nf6 5. Nc3 a6 6. Bc4 e6 7. Bb3 b5 8. f4 b4
9. Na4 Be7 10. e5 Nd5 11. O-O O-O 12. Bxd5 exd5 13. b3 Qc7 14. Bb2 dxe5 15. fxe5
Nc6 16. Nf5 Bxf5 17. Rxf5 d4 18. Qe2 Qc8 19. Raf1 Qe6 20. Kh1 f6 21. Qg4 Nxe5
22. Qxd4 Rad8 23. Qe4 Qd5 24. Qe2 Qb5 25. Qe1 Bd6 26. c4 bxc3 27. Nxc3 Qc6 28.
Qe4 Qxe4 29. Nxe4 Nd3 30. Nxd6 Nxb2 31. Nb7 Rd2 32. R5f2 Rxf2 33. Rxf2 Rc8 34.
h3 Nd3 35. Rd2 Rc1+ 36. Kh2 Ne5 37. Rd8+ Kf7 38. Ra8 Rc2 39. Rxa6 Nf3+ 40. Kg3
Ne1 41. Kf4 g5+ 42. Ke4 Nxg2 43. Nd6+ Kg6 44. b4 Rb2 45. b5 Nf4 46. a4 Rb4+ 47.
Ke3 h5 48. Ra8 Nd5+ 49. Kd3 Nb6 50. Rg8+ Kh7 51. Rf8 Nxa4 52. Rxf6 g4 53. Nf5
Rxb5 54. Rh6+ Kg8 55. Rxh5 Rb3+ 56. Kc4 Rxh3 57. Rg5+ Kf7 58. Rxg4 Kf6 59. Nd4
Nb2+ 60. Kd5 Rh5+ 61. Ke4 Re5+ 62. Kf3 Nd3 63. Rh4 Ne1+ 64. Kg3 Nd3 65. Rh6+ Kf7
66. Rd6 Ke7 67. Ra6 Kf7 68. Nc6 Re8 69. Ra7+ Kf6 70. Ra6 Re6 71. Nb8 1/2-1/2

[Event "Mondiale Semilampo FIDE 2024"]
[Site "New York"]
[Date "26.12.2024"]
[Round "4.73"]
[White "Rosen, Eric"]
[Black "Le, Tuan Minh"]
[Result "1/2-1/2"]
[WhiteTitle "IM"]
[BlackTitle "GM"]
[WhiteElo "2377"]
[BlackElo "2598"]
[WhiteFideId "2032562"]
[BlackFideId "12401153"]
[EventDate "26.12.2024"]

1. e4 e5 2. Nf3 Nc6 3. Nc3 Nf6 4. d4 Bb4 5. Nxe5 Qe7 6. Qd3 Nxd4 7. Qxd4 c5 8.
Qd3 Qxe5 9. Bd2 d5 10. f4 Qe7 11. e5 Bxc3 12. Bxc3 O-O 13. Be2 Ne4 14. Qxd5 Bf5
15. O-O Rfd8 16. Qb3 Nd2 17. Bxd2 Rxd2 18. Bd3 Bxd3 19. cxd3 Qd7 20. Qc3 Rxd3
21. Qxc5 b6 22. Qc4 Rc8 23. Qe4 Rd4 24. Qf3 h6 25. Rac1 Rd8 26. Rc2 Qf5 27. Rcf2
Rd2 28. h3 a5 29. Rxd2 Rxd2 30. Qc3 Rc2 31. Qd4 b5 32. Rf2 Rc8 33. Kh2 a4 34.
Qd5 b4 35. g4 Qg6 36. f5 Qb6 37. Re2 Rc1 38. Qg2 b3 39. axb3 axb3 40. h4 Qd4 41.
e6 Qf4+ 42. Kh3 fxe6 43. fxe6 Rc8 44. e7 Re8 45. Qd5+ Kh8 46. Qe4 Qf1+ 47. Kh2
Qf6 48. Kg3 Qd6+ 49. Kg2 Qf6 50. h5 Kg8 51. Qd5+ Qf7 52. Qe4 Qf6 53. Qd5+ Qf7
54. Qe5 Qc4 55. Rf2 Qxg4+ 56. Kh2 Qh4+ 57. Kg2 Qxe7 58. Qxe7 Rxe7 59. Kg3 Rf7
60. Re2 Rf5 61. Kg4 Rg5+ 62. Kh4 Kf7 63. Re3 Rb5 64. Rg3 Rb6 65. Rg4 Kf8 66. Rg3
Kf7 67. Rg4 Kf8 68. Rg3 Rb4+ 69. Kh3 Rb5 70. Kh4 Rb7 71. Rg6 Kf7 72. Kh3 Rb4 73.
Rg3 Kf6 74. Rg6+ Kf7 75. Rg3 Rb8 76. Rg6 Re8 77. Rg3 Rb8 78. Rg6 Rb7 79. Kh4
Rb4+ 80. Kh3 Kf8 81. Rg3 g5 82. hxg6 Kg7 83. Kg2 Rb6 84. Kh3 Rb4 85. Kg2 Rb6 1/2-1/2

[Event "Mondiale Semilampo FIDE 2024"]
[Site "New York"]
[Date "26.12.2024"]
[Round "4.74"]
[White "Brodsky, David"]
[Black "Ahmed, Nidal"]
[Result "1-0"]
[WhiteTitle "GM"]
[WhiteElo "2538"]
[BlackElo "1796"]
[WhiteFideId "2073250"]
[BlackFideId "11504048"]
[EventDate "26.12.2024"]

1. e4 e5 2. Nf3 Nf6 3. Nxe5 d6 4. Nf3 Nxe4 5. d4 d5 6. Bd3 Be7 7. O-O O-O 8. c4
c6 9. Re1 Bg4 10. h3 Bf5 11. Qb3 Qb6 12. Nc3 Qxb3 13. axb3 Bb4 14. Nh4 Bg6 15.
Nxg6 hxg6 16. Bxe4 dxe4 17. Rxe4 Nd7 18. Bg5 Nf6 19. Bxf6 gxf6 20. Na2 a5 21.
Nxb4 axb4 22. Ra4 Rxa4 23. bxa4 b3 24. d5 Rd8 25. Rd4 cxd5 26. cxd5 Kf8 27. Rd3
Ke7 28. Rxb3 Rd7 29. Rb6 f5 30. b4 Kd8 31. d6 f6 32. a5 g5 33. a6 1-0

[Event "Mondiale Semilampo FIDE 2024"]
[Site "New York"]
[Date "26.12.2024"]
[Round "4.75"]
[White "Degenbaev, Aziz"]
[Black "Gagunashvili, Merab"]
[Result "1-0"]
[WhiteTitle "FM"]
[BlackTitle "GM"]
[WhiteElo "2260"]
[BlackElo "2541"]
[WhiteFideId "13802640"]
[BlackFideId "13601652"]
[EventDate "26.12.2024"]

1. e4 c5 2. Nf3 e6 3. d4 cxd4 4. Nxd4 a6 5. c4 Nf6 6. Nc3 d6 7. Be3 Be7 8. f4
O-O 9. Qf3 Nbd7 10. Bd3 Nc5 11. Bc2 e5 12. Nf5 Bxf5 13. exf5 exf4 14. Bxf4 b5
15. g4 Re8 16. O-O-O b4 17. Ne2 Nfd7 18. Nd4 Ne5 19. Bxe5 dxe5 20. Nc6 Bg5+ 21.
Kb1 Qb6 22. Nxe5 Bf6 23. Rhe1 Rac8 24. Qd5 Re7 25. g5 Bxg5 26. f6 Bxf6 27. Nxf7
Rxf7 28. Qf5 g6 29. Qxc8+ Kg7 30. Re8 Bh4 31. Rg8+ Kh6 32. Rf8 Kg7 33. Rxf7+
Kxf7 34. Qh8 Bf6 35. Qxh7+ Bg7 36. Rf1+ 1-0

[Event "Mondiale Semilampo FIDE 2024"]
[Site "New York"]
[Date "26.12.2024"]
[Round "4.76"]
[White "Banh Gia Huy"]
[Black "Madaminov, Mukhiddin"]
[Result "1-0"]
[WhiteTitle "IM"]
[BlackTitle "GM"]
[WhiteElo "2422"]
[BlackElo "2501"]
[WhiteFideId "12424714"]
[BlackFideId "14210703"]
[EventDate "26.12.2024"]

1. d4 Nf6 2. Nf3 b6 3. Bf4 g6 4. e3 Bg7 5. h3 Bb7 6. Be2 d6 7. O-O O-O 8. a4 a6
9. c3 Nbd7 10. Nbd2 Qe8 11. Bh2 Ne4 12. Nxe4 Bxe4 13. Nd2 Bb7 14. Bf3 Bxf3 15.
Qxf3 c5 16. Rfe1 Qc8 17. Qe2 Qb7 18. Nf3 Rfc8 19. e4 cxd4 20. cxd4 Qc6 21. e5
dxe5 22. dxe5 Nf8 23. Bf4 Ne6 24. Be3 h5 25. b4 b5 26. axb5 axb5 27. Ra5 Rab8
28. Rc1 Qe4 29. Rxc8+ Rxc8 30. Qxb5 Rd8 31. Ra1 Nf4 32. Bxf4 Qxf4 33. Qb6 Rd3
34. Qb5 Rxf3 35. gxf3 Bxe5 36. Rd1 Kh7 37. Qd5 Qh2+ 38. Kf1 Qxh3+ 39. Ke2 Qf5
40. b5 h4 41. Qe4 Qf6 42. b6 h3 43. Rh1 h2 44. Kf1 Bf4 45. b7 Kg7 46. Qb4 Bb8
47. Kg2 Qg5+ 48. Qg4 Qb5 49. Qe4 Qg5+ 50. Qg4 Qd2 51. Rf1 Qa5 52. Qc8 Qe5 53.
Kh1 Bd6 54. Qc4 Qb2 55. Qd5 Qe2 56. Rd1 Bb8 57. Qd3 Qa2 58. Qd8 Qb3 59. Kg2 Qxb7
60. Qd4+ f6 61. Qe4 Qa7 62. Rb1 Bd6 63. Rf1 Qa6 64. Re1 Qc8 65. Qg4 Qc2 66. Rf1
Qe2 67. Rh1 Qb2 68. f4 Qd4 69. Rxh2 Bxf4 70. Rh4 g5 71. Rh1 Qe4+ 72. Qf3 Qe6 73.
Qh5 Qc6+ 74. Kg1 Qc1+ 75. Kg2 Qc6+ 76. Kg1 Bd6 77. Qh7+ Kf8 78. Qg6 e6 79. Rh8+
Ke7 80. Qg7# 1-0

[Event "Mondiale Semilampo FIDE 2024"]
[Site "New York"]
[Date "26.12.2024"]
[Round "4.77"]
[White "Horvath, Dominik"]
[Black "Xiong, Jeffery"]
[Result "0-1"]
[WhiteTitle "GM"]
[BlackTitle "GM"]
[WhiteElo "2542"]
[BlackElo "2636"]
[WhiteFideId "1642561"]
[BlackFideId "2047640"]
[EventDate "26.12.2024"]

1. Nf3 Nf6 2. g3 b5 3. Bg2 Bb7 4. O-O g6 5. d4 Bg7 6. Qd3 a6 7. a4 b4 8. a5 O-O
9. Qb3 c5 10. dxc5 Nc6 11. c3 bxc3 12. Qxb7 Rb8 13. Qxa6 cxb2 14. Bxb2 Rxb2 15.
Nbd2 Nd5 16. Qc4 Ndb4 17. Rab1 Rxb1 18. Rxb1 Qxa5 19. Ne4 Rb8 20. Rd1 Rb7 21. h4
Qa2 22. Qxa2 Nxa2 23. Bh3 f5 24. Ned2 Nc3 25. Re1 Rb5 26. e4 e6 27. h5 Rxc5 28.
hxg6 hxg6 29. Bf1 Ra5 30. Nc4 Ra2 31. exf5 gxf5 32. Nb6 Nd4 33. Nh4 d5 34. Bg2
Nde2+ 35. Kf1 Bd4 36. Bxd5 exd5 37. Nxd5 Nxg3+ 38. fxg3 Rf2+ 39. Kg1 Re2+ 40.
Kf1 Rf2+ 41. Kg1 Nxd5 42. Re8+ Kf7 43. Rd8 Ke6 44. Re8+ Kd7 45. Rf8 Ne7 46. Kh1
Ke6 47. Ng2 Be5 48. Kh2 Rf3 0-1

[Event "Mondiale Semilampo FIDE 2024"]
[Site "New York"]
[Date "26.12.2024"]
[Round "4.78"]
[White "Hovhannisyan, Robert"]
[Black "Hungaski, Robert"]
[Result "1-0"]
[WhiteTitle "GM"]
[BlackTitle "GM"]
[WhiteElo "2626"]
[BlackElo "2477"]
[WhiteFideId "13302507"]
[BlackFideId "2021030"]
[EventDate "26.12.2024"]

1. e4 e6 2. d4 d5 3. Nc3 Bb4 4. e5 c5 5. dxc5 Nc6 6. Nf3 Bxc5 7. Bd3 Nge7 8. O-O
Ng6 9. Bg5 Qc7 10. Nb5 Qb8 11. Re1 a6 12. Bxg6 axb5 13. Bd3 b4 14. Qd2 h6 15.
Be3 Be7 16. c4 bxc3 17. bxc3 Bd7 18. Bf4 Na5 19. Nd4 Nc4 20. Bxc4 dxc4 21. Nf5
Bf8 22. Rad1 Qc7 23. Re4 Ba4 24. Nd6+ Bxd6 25. exd6 Qd7 26. Rde1 b5 27. Be5 Rg8
28. Rg4 O-O-O 29. Qd4 Qc6 30. Bg3 g5 31. Qf6 Rd7 32. Qxh6 Qd5 33. Qf6 Qd2 34. f3
Rg6 35. Qh8+ Kb7 36. Qe8 Rxd6 37. Qxf7+ Rd7 38. Qxg6 Qxc3 39. Qxe6 Qd2 40. Rxg5
c3 41. Rg8 Qd4+ 42. Bf2 Qd5 43. Qb6# 1-0